[Event "Tatry Open"]
[Site "Tatranske Zruby SVK"]
[Date "2006.09.24"]
[Round "2"]
[White "Palas,A"]
[Black "Taborsky,R"]
[Result "1/2-1/2"]
[WhiteElo "2055"]
[BlackElo "2250"]

1.e4 c5 2.Nf3 e6 3.d4 cxd4 4.Nxd4 Nc6 5.Nc3 a6 6.Nxc6 bxc6 7.Bd3 d5 8.O-O Nf6
9.Qe2 Be7 10.b3 O-O 11.Bb2 c5 12.Rad1 Bb7 13.Na4 Qc7 14.exd5 Bxd5 15.Be5 Qc6
16.f3 c4 17.Bxc4 Bxc4 18.Qxc4 Qxc4 19.bxc4 Rfc8 20.Bd6 Bxd6 21.Rxd6 Rab8
22.Rfd1 Kf8 23.c5 Rb4 24.Rxa6 Nd5 25.Rd2 Ke7 26.Kf2 Rc7 27.a3 Rc4 28.g3 Nc3
29.Nxc3 Rxc3 30.c6 g5 31.Ke2 h5 32.a4 R3xc6 33.Rxc6 Rxc6 34.c4 Rxc4 35.Ra2 Kd6
36.Kd3 Rc5 37.a5 Rd5+ 38.Ke3 Re5+ 39.Kd3 Kc7 40.a6 Kb8 41.Rb2+ Ka8 42.Rb7 Rf5
43.Ke4 h4 44.gxh4 gxh4 45.f4 Rf6 46.Ke5 Rf5+ 47.Ke4  1/2-1/2

[Event "Bygger'n Masters"]
[Site "Gausdal NOR"]
[Date "2006.09.25"]
[Round "2"]
[White "Holzke,F"]
[Black "Quinn,J"]
[Result "1-0"]
[WhiteElo "2472"]
[BlackElo "2150"]

1.e4 c5 2.Nf3 e6 3.d4 cxd4 4.Nxd4 Nc6 5.Nc3 Qc7 6.Be3 a6 7.Bd3 Nf6 8.O-O Bd6
9.f4 Nxd4 10.e5 Bxe5 11.fxe5 Qxe5 12.Qd2 Ng4 13.Bf4 Qc5 14.Kh1 f5 15.h3 Nf6
16.Qe3 d6 17.Na4 Qb4 18.b3 Nd5 19.Qg3 Nxf4 20.Rxf4 O-O 21.a3 Qa5 22.Rxd4 b5
23.Qxd6 bxa4 24.b4  1-0

[Event "Bygger'n Masters"]
[Site "Gausdal NOR"]
[Date "2006.09.25"]
[Round "2"]
[White "Kvisla,J"]
[Black "Bue,G"]
[Result "1-0"]
[WhiteElo "2054"]
[BlackElo "1850"]

1.e4 c5 2.Nc3 e6 3.Nf3 Nc6 4.d4 cxd4 5.Nxd4 a6 6.Be3 Nge7 7.Nb3 Ng6 8.Be2 Be7
9.O-O O-O 10.f4 d6 11.a4 Qc7 12.a5 Bd7 13.Qe1 Na7 14.Bd3 Bf6 15.Qg3 Bh4 16.Qf3 Bf6
17.Qh5 Bxc3 18.bxc3 f5 19.exf5 exf5 20.Rf3 Ne7 21.Rh3 h6 22.Rg3 Kh7 23.Bd4 Rg8
24.Qf7  1-0

[Event "1st TCH-MNE"]
[Site "Herceg Novi MNE"]
[Date "2006.09.25"]
[Round "4"]
[White "Brajovic,R"]
[Black "Djukic,Ni"]
[Result "1/2-1/2"]
[WhiteElo "2279"]
[BlackElo "2507"]

1.e4 c5 2.Nf3 e6 3.d4 cxd4 4.Nxd4 Nc6 5.Nc3 Qc7 6.g3 a6 7.Bg2 Nf6 8.O-O Bc5
9.Nxc6 dxc6 10.Na4 Ba7 11.c4 Nd7 12.Qc2 Bd4 13.c5 h5 14.Rd1 e5 15.Rd3 O-O
16.h4 Nf6 17.Nb6 Be6 18.Nxa8 Rxa8 19.Be3 Bxe3 20.Rxe3 Rd8 21.Rd3 Rxd3 22.Qxd3 Qa5
23.Qe3 Nd7 24.Bf3 g6 25.Rd1 Kh7 26.a3 Qxc5 27.Qxc5 Nxc5 28.Rd8 a5 29.Bg2 Kg7
30.f3 Kf6 31.Bf1 Ke7 32.Ra8 a4 33.Be2 b5 34.Kf2 Nb3 35.Ke3 Nd4 36.Bd1 Kf6
37.g4 hxg4 38.fxg4 Kg7 39.g5 Kh7 40.Ra7 Kg7 41.Rc7 Kf8 42.h5 gxh5 43.Bxh5 Ke8
44.Kd3 Kd8 45.Ra7 Ke8 46.Kc3 c5 47.Rc7 b4+ 48.Kd3 c4+ 49.Rxc4 Bxc4+ 50.Kxc4 bxa3
51.bxa3 Ne6 52.g6 fxg6 53.Bxg6+ Ke7 54.Kb4 Kd6 55.Kxa4 Kc5 56.Ka5 Nd4 57.a4 Nb3+
58.Ka6 Kb4 59.Be8 Nc5+ 60.Kb6 Nxe4 61.a5 Nc5 62.Bc6 e4  1/2-1/2

[Event "2nd Geller Mem Open-A"]
[Site "Odessa UKR"]
[Date "2006.09.26"]
[Round "9"]
[White "Zubov,A UKR"]
[Black "Tunik,G"]
[Result "1-0"]
[WhiteElo "2538"]
[BlackElo "2488"]

1.e4 c5 2.Nf3 e6 3.d4 cxd4 4.Nxd4 Nc6 5.Nc3 a6 6.Be3 Nf6 7.Be2 Qc7 8.O-O Bb4
9.Na4 O-O 10.Nxc6 bxc6 11.Nb6 Rb8 12.Nxc8 Rfxc8 13.Bxa6 Rf8 14.Bd3 Bd6 15.f4 e5
16.f5 Rxb2 17.g4 Qa5 18.Kh1 Bc5 19.Bxc5 Qxc5 20.g5 Ne8 21.f6 g6 22.Qc1 Rb7
23.a4 d5 24.a5 Nd6 25.a6 Ra7 26.Qa3 Qxa3 27.Rxa3 dxe4 28.Be2 h6 29.h4 Nb5
30.Bxb5 cxb5 31.Rb1 Rfa8 32.Rxb5 Rxa6 33.Rxa6 Rxa6 34.Rb8+ Kh7 35.Rb7 hxg5
36.Rxf7+ Kg8 37.Rg7+ Kf8 38.hxg5 e3 39.Kg2 Ra2 40.Kf3 Rxc2 41.Kxe3 Rg2 42.Rxg6 Kf7
43.Rg7+ Ke6 44.f7  1-0

[Event "Monarch Assurance Isle of Man"]
[Site "Port Erin IOM"]
[Date "2006.09.26"]
[Round "4"]
[White "Socko,B"]
[Black "Neverov,V"]
[Result "1-0"]
[WhiteElo "2621"]
[BlackElo "2556"]

1.e4 c5 2.Nf3 e6 3.d4 cxd4 4.Nxd4 Nc6 5.Nc3 Qc7 6.Be3 Nf6 7.Be2 Bb4 8.Nb5 Qb8
9.a3 Be7 10.f4 d6 11.g4 O-O 12.g5 Ne8 13.Qd2 a6 14.Nd4 Bd7 15.O-O f6 16.Bc4 Nc7
17.Nf5 b5 18.Ba2 Ne8 19.Nxe7+ Nxe7 20.f5 Qc8 21.gxf6 gxf6 22.Bh6 Rf7 23.Kh1 Kh8
24.Rg1 d5 25.Qg2 d4 26.Nd5 exd5 27.Bxd5  1-0

[Event "Vojvodina Quality League m"]
[Site "Sremska Mitrovica SRB"]
[Date "2006.09.26"]
[Round "7"]
[White "Kosanovic,G"]
[Black "Bakic,D"]
[Result "1-0"]
[WhiteElo "2389"]
[BlackElo "2286"]

1.e4 c5 2.Nf3 e6 3.Nc3 Nc6 4.d4 cxd4 5.Nxd4 Nf6 6.Ndb5 Bb4 7.a3 Bxc3+ 8.Nxc3 d5
9.Bd3 dxe4 10.Nxe4 Nxe4 11.Bxe4 Qxd1+ 12.Kxd1 O-O 13.Be3 e5 14.Ke2 Be6 15.Rhd1 Rac8
16.Rd6 Rfd8 17.Rxd8+ Nxd8 18.f3 b6 19.Rd1 Kf8 20.g4 h6 21.b3 Ke7 22.a4 Nc6
23.c4 Na5 24.Bc2 Nc6 25.Rb1 f6 26.Be4 Na5 27.Kd2 Nc6 28.Kc3 Nb8 29.a5 Nd7
30.Ra1 g5 31.axb6 axb6 32.Kb4 h5 33.h3 hxg4 34.hxg4 Rb8 35.Kb5 Kd6 36.b4 Kc7
37.Ra7+ Kd6 38.Bb7 e4 39.c5+ bxc5 40.bxc5+ Kc7 41.c6 exf3 42.cxd7 Bxd7+ 43.Ka6 Kd6
44.Bf2 Rh8 45.Kb6 Rh3 46.Ra1 Bxg4 47.Re1 Rh8 48.Bg3+ Kd7 49.Bc6+  1-0

[Event "1st TCH-MNE"]
[Site "Herceg Novi MNE"]
[Date "2006.09.27"]
[Round "6"]
[White "Miovcic,R"]
[Black "Cetkovic,Mi"]
[Result "1-0"]
[WhiteElo "2265"]
[BlackElo "2260"]

1.e4 c5 2.Nc3 e6 3.Nf3 Nc6 4.d4 cxd4 5.Nxd4 Nf6 6.Ndb5 Bb4 7.a3 Bxc3+ 8.Nxc3 d5
9.exd5 exd5 10.Bd3 h6 11.O-O O-O 12.Bf4 Re8 13.Re1 Rxe1+ 14.Qxe1 Be6 15.h3 Rc8
16.Rd1 Qf8 17.Ne2 Nd7 18.c3 Nde5 19.Bxe5 Nxe5 20.Nd4 Nxd3 21.Rxd3 Qd6 22.Re3 Bd7
23.Qd2 a6 24.Rd3 Qe7 25.Nc2 Re8 26.Rxd5 Bc6 27.Rd4 Qf6 28.Ne3 Qg5 29.Rg4 Rd8
30.Rd4 Re8 31.c4 Qe7 32.b4 Qf6 33.Qd3 Qg5 34.Rg4 Qf6 35.Rd4 Qg5 36.Qe2 Qf6
37.Qd3 Qg5 38.Rg4 Qf6 39.Qd4 Qxd4 40.Rxd4 g6 41.Kf1 Kf8 42.Nd1 g5 43.Nc3 Rc8
44.a4 Be8 45.Ke2 Bc6 46.f3 Re8+ 47.Kd2 Rc8 48.b5 axb5 49.axb5 Be8 50.Nd5 Kg7
51.Nb6 Rc5 52.Rd5 Rxd5+ 53.Nxd5 f5 54.Kc3 Bd7 55.Kd4 Kf7 56.Ke5 h5 57.Kd6 Be6
58.Kc7 h4 59.Kxb7 g4 60.f4  1-0

[Event "USCL"]
[Site "ICC INT"]
[Date "2006.09.27"]
[Round "5"]
[White "Smith,Bry"]
[Black "Kaufman,La"]
[Result "1/2-1/2"]
[WhiteElo "2381"]
[BlackElo "2358"]

1.e4 c5 2.Nf3 e6 3.d4 cxd4 4.Nxd4 Nc6 5.Nc3 Qc7 6.Be2 Nf6 7.Be3 a6 8.O-O Bb4
9.Na4 Be7 10.c4 Nxe4 11.c5 O-O 12.Rc1 Rb8 13.g3 Nf6 14.Bf3 g6 15.Nb6 e5 16.Nb3 d6
17.cxd6 Qxd6 18.Qxd6 Bxd6 19.Rfd1 Be7 20.Bxc6 bxc6 21.Na5 Bg4 22.Nxc6 Rb7
23.Nxe7+ Rxe7 24.Bc5 Re6 25.f3 Bxf3 26.Rf1 e4 27.Bxf8 Kxf8 28.Nc4 Nd5 29.Nd2 Be2
30.Rfe1 Bd3 31.Nb3 Rb6 32.Nc5 Rxb2 33.Nxe4 Rxa2 34.Nc5 Bf5 35.Ra1 Rc2 36.Rec1 Rb2
37.Rxa6 Ne3 38.Re1 Ng4 39.h3 Nh2 40.g4 Nf3+ 41.Kf1 Nh2+ 42.Kg1 Nf3+ 43.Kf1 Nh2+
44.Kg1 Nf3+  1/2-1/2

[Event "Monarch Assurance Isle of Man"]
[Site "Port Erin IOM"]
[Date "2006.09.28"]
[Round "6"]
[White "Sarakauskas,G"]
[Black "Grant,A"]
[Result "1-0"]
[WhiteElo "2414"]
[BlackElo "2193"]

1.e4 c5 2.Nf3 e6 3.d4 cxd4 4.Nxd4 Nc6 5.Nc3 Qc7 6.Be2 a6 7.O-O Nf6 8.Kh1 Bc5
9.Be3 Nxd4 10.Bxd4 d6 11.f4 Bxd4 12.Qxd4 e5 13.Qe3 Be6 14.Qg3 Kf8 15.Rad1 h5
16.h3 b5 17.a3 Rc8 18.Qh4 Rh6 19.Rd2 Qc6 20.Rfd1 Ne8 21.f5 Bc4 22.Bxc4 bxc4
23.Nd5 Rb8 24.Qe7+ Kg8 25.c3 Qb7 26.Qg5 f6 27.Qe3 Kf7 28.a4 a5 29.Qe2 Qc6
30.Ne3 Rc8 31.Nd5 Rd8 32.Qf2 Rd7 33.Qf1 Rb7 34.Ne3 Rc7 35.Rd5 Kf8 36.Ra1 Rc8
37.Qf3 Ra8 38.Qd1 Rd8 39.Qc2 Ra8 40.Rad1 Qa6 41.Qe2 Rc8 42.b3  1-0

[Event "15th TCh-CRO"]
[Site "Sibenik CRO"]
[Date "2006.09.28"]
[Round "7"]
[White "Bosiocic,Mari"]
[Black "Bilobrk,F"]
[Result "1/2-1/2"]
[WhiteElo "2433"]
[BlackElo "2386"]

1.e4 c5 2.Nf3 e6 3.d4 cxd4 4.Nxd4 Nc6 5.Nc3 Qc7 6.Be3 a6 7.Qd2 Nf6 8.O-O-O Bb4
9.f3 Ne7 10.Nde2 b5 11.Bf4 e5 12.Bg5 Bb7 13.Bxf6 gxf6 14.Qh6 Qb6 15.g3 Rd8
16.Qg7 Ng6 17.Qh6 Ne7 18.Qg7 Ng6  1/2-1/2

[Event "14th Open Valle d'Aosta"]
[Site "Saint Vincent ITA"]
[Date "2006.09.30"]
[Round "1"]
[White "Mondon,F"]
[Black "Epishin,V"]
[Result "0-1"]
[WhiteElo "2001"]
[BlackElo "2555"]

1.e4 c5 2.Nf3 Nc6 3.d4 cxd4 4.Nxd4 e6 5.Nc3 Qc7 6.Be3 a6 7.Bd3 Nf6 8.f4 Nxd4
9.Bxd4 Qxf4 10.g3 Qd6 11.Bxf6 gxf6 12.Qf3 Qe5 13.O-O-O Bc5 14.Ne2 b5 15.Rhf1 Ke7
16.Nf4 Bb7 17.Nh5 f5 18.Rde1 Raf8 19.Kb1 Bc6 20.Nf4 h5 21.Qd1 fxe4 22.Bxe4 Bxe4
23.Nd3 Qd5 24.Nxc5 Qxd1+ 25.Rxd1 d5 26.Rfe1 f5 27.b4 h4 28.gxh4 a5 29.a3 axb4
30.axb4 Rxh4 31.Rd2 Rfh8 32.Ree2 e5 33.Kb2 R8h5 34.c3 f4 35.Kb3 Bg6 36.Ra2 f3
37.Rf2 e4 38.Ra7+ Kf6 39.Ra6+ Kf5 40.Rd6 Bf7 41.Rd7 Rh7 42.c4 Rh3 43.cxb5 e3
44.Rc2 f2  0-1

[Event "15th TCh-CRO w"]
[Site "Sibenik CRO"]
[Date "2006.09.30"]
[Round "9"]
[White "Madl,I"]
[Black "Vasilevich,I"]
[Result "1/2-1/2"]
[WhiteElo "2375"]
[BlackElo "2340"]

1.e4 c5 2.Nf3 e6 3.d4 cxd4 4.Nxd4 Nc6 5.Nc3 a6 6.Be3 Nf6 7.Bd3 Qc7 8.O-O b5
9.Nxc6 Qxc6 10.a3 Bb7 11.Qe2 Rc8 12.f3 Qc7 13.Kh1 Be7 14.Bd4 e5 15.Be3 O-O
16.Bg5 d6 17.Bxf6 Bxf6 18.Nd5 Bxd5 19.exd5 Bg5 20.a4 f5 21.axb5 axb5 22.c3 Qf7
23.Bxb5 Qxd5 24.Rfd1 Qc5 25.Bd7 Rcd8 26.Be6+ Kh8 27.Bd5 Rde8 28.Ra4 h6 29.Rc4 Qa7
30.b4 Bf4 31.Bc6 Rd8 32.Bd5 Rde8 33.Bc6 Rd8 34.Bd5  1/2-1/2

[Event "TCh-BEL 2006-7"]
[Site "Belgium BEL"]
[Date "2006.10.01"]
[Round "1"]
[White "Sprenger,J"]
[Black "Ooms,A"]
[Result "1-0"]
[WhiteElo "2505"]
[BlackElo "2186"]

1.e4 c5 2.Nf3 e6 3.d4 cxd4 4.Nxd4 Nc6 5.Nc3 Qc7 6.Be3 a6 7.Qd2 Nf6 8.O-O-O Bb4
9.f3 Ne5 10.Nb3 b5 11.Kb1 Nc4 12.Bxc4 bxc4 13.Nc1 O-O 14.N1e2 Be7 15.Bf4 Qa7
16.g4 Rd8 17.g5 Ne8 18.Qd4 Qc5 19.h4 Bb7 20.h5 d5 21.e5 Qxd4 22.Nxd4 Rd7
23.Nce2 Nc7 24.Be3 Nb5 25.Rhg1 Bc5 26.Rg3 Bxd4 27.Bxd4 Bc6 28.f4 Rb7 29.Bc5 Nc7
30.Kc1 Ne8 31.Nd4 Bd7 32.Re1 Rc8 33.Ba3 g6 34.hxg6 fxg6 35.Be7 Ng7 36.Ra3 Ra8
37.Ra5 Nf5 38.Nxf5 gxf5 39.Rh1 Be8 40.Bc5 Rb5 41.Rxb5 axb5 42.a3 Bg6 43.Kd2 Ra4
44.Kc3 Kg7 45.Rh6 Kf7 46.Bb4 Ra8 47.Bd6 Ra4 48.Rh4 Kg7 49.Kd4 Be8 50.c3 Ra6
51.Kc5 Rc6+ 52.Kb4 Ra6 53.Rh6 Bd7 54.Rf6 Ra4+ 55.Kc5 Ra6 56.Bf8+ Kg8 57.Bh6 Rc6+
58.Kxb5 Rc8+ 59.Kb6 Re8 60.Kc7 Bc8 61.a4  1-0

[Event "Monarch Assurance Isle of Man"]
[Site "Port Erin IOM"]
[Date "2006.10.01"]
[Round "9"]
[White "Gormally,D"]
[Black "Hanley,C"]
[Result "1/2-1/2"]
[WhiteElo "2513"]
[BlackElo "2419"]

1.e4 c5 2.Nf3 e6 3.d4 cxd4 4.Nxd4 Nc6 5.Nc3 Qc7 6.Be3 a6 7.Bd3 Nf6 8.O-O Ne5
9.h3 Bc5 10.f4 Nc6 11.Nf5 Bxe3+ 12.Nxe3 d6 13.Qd2 b5 14.a4 b4 15.Na2 Rb8
16.c3 bxc3 17.Qxc3 O-O 18.Kh2 Qb6 19.Nc4 Qc5 20.Nxd6 Qxd6 21.e5 Qd4 22.exf6 Rxb2
23.fxg7 Rd8 24.Rf3 Bb7 25.Rg3 Ne7 26.Rd1 Rxg2+ 27.Rxg2 Qxf4+ 28.Kg1 Bxg2
29.Bxh7+ Kxh7 30.Rxd8 Qf1+ 31.Kh2 Qh1+ 32.Kg3 Ng8 33.Rd4 Be4 34.Kf4 Nf6 35.Kg5 Qf1
36.g8=Q+ Nxg8 37.Qe3 Qf6+ 38.Kh5 Bf3+ 39.Rg4 Bxg4+ 40.hxg4 Qb2 41.Qd3+ Kg7
42.Qc3+ Qxc3 43.Nxc3 Nf6+ 44.Kg5 Nd5 45.Ne4 a5 46.Nc5 f6+ 47.Kh5 Kf7 48.g5 fxg5  1/2-1/2

[Event "Corporacion del Sur B"]
[Site "Buenos Aires ARG"]
[Date "2006.10.02"]
[Round "1"]
[White "Alonso,S"]
[Black "Lafuente,P"]
[Result "0-1"]
[WhiteElo "2434"]
[BlackElo "2459"]

1.e4 c5 2.Nf3 e6 3.d4 cxd4 4.Nxd4 Nc6 5.Nc3 Qc7 6.Be2 a6 7.O-O Nf6 8.Be3 Bb4
9.Na4 O-O 10.Nxc6 bxc6 11.Nb6 Rb8 12.Nxc8 Qxc8 13.a3 Be7 14.e5 Nd5 15.Bc1 Qc7
16.c4 Nb6 17.Bf4 a5 18.b3 Rfd8 19.Qc2 d5 20.cxd5 Nxd5 21.Bg3 Qb6 22.Bc4 Qc5
23.Rfc1 Bg5 24.Rd1 Nb6 25.Bd3 Qxc2 26.Bxc2 Nd5 27.Rd3 h5 28.h4 Be7 29.Bd1 g6
30.Bf3 Rb6 31.Bd1 Rb5 32.a4 Rc5 33.Bf3 Rb8 34.Kh2 Rb4 35.Rdd1 Rxb3 36.Rac1 Rcc3
37.Rxc3 Rxc3 38.Rb1 Rc4 39.Rb8+ Kg7 40.Rc8 Bxh4 41.Bxh4 Rxh4+ 42.Kg3 Rc4
43.Kh2 c5 44.Rc6 Nc3 45.Rc7 Nd5 46.Ra7 Rxa4 47.Bxd5 exd5 48.e6 Kf6 49.exf7 Kg7
50.Rd7 Rd4  0-1

[Event "Bygger'n Masters"]
[Site "Gausdal NOR"]
[Date "2006.10.02"]
[Round "9"]
[White "Bentsen,O"]
[Black "Quinn,J"]
[Result "1/2-1/2"]
[WhiteElo "2216"]
[BlackElo "2150"]

1.e4 c5 2.Nf3 e6 3.d4 cxd4 4.Nxd4 Nc6 5.Nc3 Qc7 6.Be3 a6 7.Be2 Nf6 8.O-O Bb4
9.Qd3 Ne5 10.Ncb5 Qa5 11.Qb3 axb5 12.Nxb5 O-O 13.Bd4 Ng6 14.a3 Nf4 15.Bc4 d5
16.Qxb4 Qxb4 17.axb4 Rxa1 18.Rxa1 dxc4 19.Bc5 Rd8 20.g3 Bd7 21.Nd6 Nh3+ 22.Kg2 e5
23.Nxb7 Rb8 24.Nd6 Ng5 25.f3 h5  1/2-1/2

[Event "Bygger'n Masters"]
[Site "Gausdal NOR"]
[Date "2006.10.02"]
[Round "9"]
[White "Hagen,Ande"]
[Black "Bjorgvik,J"]
[Result "1/2-1/2"]
[WhiteElo "1949"]
[BlackElo "2082"]

1.e4 c5 2.Nf3 Nc6 3.d4 cxd4 4.Nxd4 e6 5.Nc3 Bb4 6.Be3 Nf6 7.Bd3 Qa5 8.O-O a6
9.Nb3 Qc7 10.Na4 b5 11.Nb6 Rb8 12.Nxc8 Rxc8 13.a4 Rb8 14.Nc5 Bxc5 15.Bxc5 Ne5
16.Bd4 Nxd3  1/2-1/2

[Event "7th Veselin Boskovic Mem Op"]
[Site "Beograd SRB"]
[Date "2006.10.03"]
[Round "2"]
[White "Jovanovic,Boz"]
[Black "Andrijevic,M"]
[Result "0-1"]
[WhiteElo "2144"]
[BlackElo "2374"]

1.e4 c5 2.Nf3 e6 3.d4 cxd4 4.Nxd4 Nc6 5.Nc3 Qc7 6.Be3 a6 7.Bd3 Nf6 8.f4 Nxd4
9.e5 Qc5 10.Bxd4 Qxd4 11.exf6 Qxf4 12.fxg7 Qe3+ 13.Qe2 Qxe2+ 14.Nxe2 Bxg7
15.O-O-O b5 16.Kb1 Bb7 17.Rhg1 h5 18.h4 Bh6 19.g4 Be3 20.Rg3 Bf2 21.g5 Bxg3
22.Nxg3 Bf3 23.Rf1 Bg4 24.Ne4 Ke7 25.Nf6 Rac8 26.Rf4 Rc5 27.a4 Bf5 28.Rd4 d6
29.axb5 axb5 30.Bxf5 Rxf5 31.Rb4 Rc8 32.b3 Rcc5 33.Nxh5 Rf1+ 34.Kb2 Rf2 35.Rg4 b4
36.Rxb4 Rcxc2+ 37.Kb1 Rce2 38.Rc4 Re1+ 39.Rc1 Rxc1+ 40.Kxc1  0-1

[Event "WJun"]
[Site "Yerevan ARM"]
[Date "2006.10.03"]
[Round "1"]
[White "Alavi,S"]
[Black "Vitiugov,N"]
[Result "0-1"]
[WhiteElo "2368"]
[BlackElo "2596"]

1.e4 c5 2.Nf3 e6 3.d4 cxd4 4.Nxd4 Nc6 5.Nc3 Qc7 6.Be2 a6 7.O-O Nf6 8.Kh1 b5
9.Nxc6 dxc6 10.f4 Bb7 11.e5 Nd7 12.a4 Be7 13.b3 O-O 14.Bb2 f5 15.exf6 Bxf6
16.Bg4 Rae8 17.Qe2 b4 18.Bxe6+ Kh8 19.Nd1 Bxb2 20.Nxb2 Rxf4 21.Rxf4 Qxf4
22.Qc4 Qd6 23.Bxd7 Qxd7 24.Nd3 c5 25.Qxc5 h6 26.Rf1 Qg4 27.Rf8+ Kh7 28.Qf5+ Qxf5
29.Rxf5 Be4 30.Rf1 Rc8 31.Nxb4 a5 32.Re1 Ba8 33.Nd3 Rxc2 34.Nf4 Rf2 35.Nh5 Rxg2
36.Re8 Bf3  0-1

[Event "WJun"]
[Site "Yerevan ARM"]
[Date "2006.10.03"]
[Round "1"]
[White "Alaverdyan,G"]
[Black "Kim,Alex"]
[Result "1-0"]
[WhiteElo "2202"]
[BlackElo "2428"]

1.e4 c5 2.Nf3 e6 3.d4 cxd4 4.Nxd4 Nc6 5.Nc3 Qc7 6.Be3 Nf6 7.Be2 Be7 8.O-O O-O
9.Kh1 a6 10.f4 d6 11.Bf3 Re8 12.a4 Bd7 13.Nb3 b6 14.Qe2 Bf8 15.g4 Bc8 16.g5 Nd7
17.Bg2 Bb7 18.Rf3 g6 19.Qf2 Bg7 20.Rh3 Nb4 21.Rc1 Rac8 22.Qh4 Nf8 23.Qf2 b5
24.axb5 axb5 25.Nxb5 Qd7 26.Nxd6 Qxd6 27.Bc5 Qc7 28.Bxb4 Bxb2 29.Rb1 Qxc2
30.Rxb2  1-0

[Event "Corporacion del Sur A"]
[Site "Buenos Aires ARG"]
[Date "2006.10.04"]
[Round "3"]
[White "Cubas,Jo"]
[Black "Needleman,G"]
[Result "0-1"]
[WhiteElo "2426"]
[BlackElo "2427"]

1.e4 c5 2.Nf3 e6 3.d4 cxd4 4.Nxd4 Nc6 5.Nc3 Qc7 6.Be3 a6 7.Qd2 Nf6 8.O-O-O Be7
9.f3 O-O 10.g4 Rd8 11.g5 Ne8 12.h4 b5 13.Bf4 d6 14.Nxc6 Qxc6 15.h5 b4 16.Nd5 exd5
17.exd5 Qa4 18.Bd3 f5 19.h6 g6 20.Rhe1 Bf8 21.Kb1 a5 22.b3 Qd7 23.c4 bxc3
24.Qxc3 Qc7 25.Bc4 a4 26.Bc1 a3 27.Qd4 Qa7 28.Qf4 Ba6 29.Be3 Qd7 30.Bd4 Bxc4
31.bxc4 Qb7+ 32.Ka1 Qb4 33.Rc1 Rdc8 34.Qe3 Nc7 35.Qd3 Ra4 36.Red1 Re8 37.Qc2 Na6
38.Bc3 Qxc4 39.Rd4 Re2 40.Qb1 Rb2 41.Rxc4 Rxb1+ 42.Rxb1 Rxc4 43.Rb3 Nc7 44.Rxa3 Nxd5
45.Bb2 Nb4 46.Kb1 Rc8 47.Ra7 d5 48.Rd7 Re8 49.Bf6 Rb8 50.Be5 Rb6 51.Bd4 Rd6
52.Rb7 Nc6 53.Bf6 d4 54.Kc2 d3+ 55.Kd2 Bxh6 56.f4 Bf8 57.Bc3 h5 58.a4 Nd8
59.Rb8 Ne6 60.a5 h4 61.Be5 Rd8 62.Rb6 h3 63.Rb1 Nc5  0-1

[Event "WJun"]
[Site "Yerevan ARM"]
[Date "2006.10.04"]
[Round "2"]
[White "Deepan Chakkravarthy,J"]
[Black "Pile,R"]
[Result "1-0"]
[WhiteElo "2501"]
[BlackElo "2290"]

1.e4 c5 2.Nf3 e6 3.d4 cxd4 4.Nxd4 Nc6 5.Nc3 Qc7 6.Be3 a6 7.Qd2 Nf6 8.O-O-O Bb4
9.f3 Ne5 10.Nb3 b5 11.Kb1 Nc4 12.Bxc4 bxc4 13.Nd4 Qb7 14.Ka1 O-O 15.Nde2 Be7
16.g4 d6 17.g5 Nd7 18.h4 Rb8 19.Rb1 Rd8 20.h5 d5 21.exd5 Nb6 22.Bxb6 Qxb6
23.h6 Bf8 24.Nf4 g6 25.Ne4 e5 26.Qc3 Qd4 27.Qxd4 exd4 28.Rhd1 d3 29.cxd3 cxd3
30.Nxd3 Bf5 31.Nf6+ Kh8 32.Ne5  1-0

[Event "56th TCh-BUL w"]
[Site "Sunny Beach BUL"]
[Date "2006.10.05"]
[Round "1"]
[White "Tsvetkova,S"]
[Black "Djingarova,E"]
[Result "0-1"]
[WhiteElo "1867"]
[BlackElo "2302"]

1.e4 c5 2.Ne2 Nc6 3.Nbc3 e6 4.d4 cxd4 5.Nxd4 Qc7 6.a3 a6 7.Be3 Nf6 8.g3 Ne5
9.Bf4 Bc5 10.Bg2 d6 11.Nb3 Ba7 12.O-O O-O 13.h3 Nc4 14.Rb1 Nd7 15.Nd2 Nxb2
16.Rxb2 Qxc3 17.Rb3 Qc7 18.c4 Ne5 19.Qe2 Bd7 20.Rc1 Rac8 21.Rbb1 Bc5 22.Bxe5 dxe5
23.Qd3 Bc6 24.Bf3 Rfd8 25.Qc3 Qe7 26.a4 Bxa4  0-1

[Event "WJun"]
[Site "Yerevan ARM"]
[Date "2006.10.05"]
[Round "3"]
[White "Hungaski,R"]
[Black "Geller,J"]
[Result "1/2-1/2"]
[WhiteElo "2366"]
[BlackElo "2501"]

1.e4 c5 2.Nf3 Nc6 3.d4 cxd4 4.Nxd4 e6 5.Nc3 Qc7 6.g3 a6 7.Bg2 Nf6 8.O-O Nxd4
9.Qxd4 Bc5 10.Bf4 d6 11.Qd2 h6 12.Rad1 e5 13.Be3 Be6 14.Bxc5 dxc5 15.Nd5 Bxd5
16.exd5 Qd6 17.f4 O-O 18.fxe5 Qxe5 19.d6 Qxb2 20.c4 Qxd2 21.Rxd2 Rab8 22.a4 Rfd8
23.Rb1 b6 24.Bc6 Nd7 25.Bd5 Kf8 26.Rdb2 h5 27.Kg2 a5 28.Rb3 Rbc8 29.Bb7 Rb8
30.Bd5 f6 31.Be6 Ke8 32.Bd5 g6 33.h4 Kf8 34.Be6 Ke8 35.Bd5 Kf8 36.Be6 Ke8  1/2-1/2

[Event "Corporacion del Sur B"]
[Site "Buenos Aires ARG"]
[Date "2006.10.06"]
[Round "4"]
[White "Mekhitarian,K"]
[Black "Lafuente,P"]
[Result "1-0"]
[WhiteElo "2425"]
[BlackElo "2459"]

1.e4 c5 2.Nf3 e6 3.d4 cxd4 4.Nxd4 Nc6 5.Nc3 Qc7 6.Be3 a6 7.Qd2 Nf6 8.O-O-O Bb4
9.f3 Ne5 10.Nb3 b5 11.Qe1 Be7 12.f4 Nc4 13.e5 Ng4 14.Bd4 Nh6 15.Qf2 Nf5 16.Bxc4 Qxc4
17.Na5 Qc7 18.Bb6 Qb8 19.Rhe1 O-O 20.Ne4 f6 21.exf6 gxf6 22.Kb1 Rf7 23.Rd3 Bb7
24.Nc5 Bc8 25.Ne4 Bb7 26.g4 Bxe4 27.Rxe4 Nd6 28.Re1 Nc4 29.Nxc4 bxc4 30.Rdd1 Qb7
31.Bc5 Rb8 32.b3 Bxc5 33.Qxc5 Rc8 34.Qa5 Qc6 35.Rd2 Rb8 36.Red1 cxb3 37.axb3 Rc8
38.f5 h6 39.fxe6 dxe6 40.h4 Qb5 41.Qa3 Kg7 42.Rd6 Qe2 43.R1d2 Qxg4 44.Qxa6 Qg1+
45.Rd1 Qc5 46.Qd3 e5 47.h5 Kf8 48.Rd5 Qe7 49.Qg6 Ke8 50.Qg8+  1-0

[Event "56th TCh-BUL"]
[Site "Sunny Beach BUL"]
[Date "2006.10.06"]
[Round "2"]
[White "Stoinev,M"]
[Black "Ivanov,Jo"]
[Result "0-1"]
[WhiteElo "2290"]
[BlackElo "2370"]

1.e4 c5 2.Nf3 e6 3.Nc3 Nc6 4.d4 cxd4 5.Nxd4 d6 6.Be3 Nf6 7.g4 Be7 8.g5 Nd7
9.h4 Nb6 10.Qh5 d5 11.Bb5 Bd7 12.O-O-O e5 13.Bxc6 bxc6 14.exd5 cxd5 15.g6 Bf6
16.gxf7+ Kf8 17.Nf5 d4 18.Nxd4 exd4 19.Bxd4 Bxd4 20.Rxd4 Qf6 21.Qc5+ Qe7
22.Qc7 Bf5 23.Qf4 g6 24.Rhd1 Kg7 25.Rd6 Rhf8 26.h5 Rxf7 27.h6+ Kg8 28.Qd4 Qg5+
29.Kb1 Qxh6 30.a4 Qg7 31.Qb4 Re8 32.a5 Nc8 33.Rd8 Rxd8 34.Rxd8+ Rf8 35.Rd2 Qe5
36.Re2 Qd6 37.Qc4+ Kg7 38.Nd5 Rd8 39.Qd4+ Kf7 40.Qh4 Qxd5 41.Qxh7+ Kf6  0-1

[Event "7th Veselin Boskovic Mem Op"]
[Site "Beograd SRB"]
[Date "2006.10.07"]
[Round "6"]
[White "Cetkovic,B"]
[Black "Rmus,A"]
[Result "0-1"]
[WhiteElo "2215"]
[BlackElo "2380"]

1.e4 c5 2.Nf3 Nc6 3.d4 cxd4 4.Nxd4 e6 5.Nc3 Qc7 6.g3 a6 7.Bg2 Nge7 8.Nb3 Ng6
9.h4 b5 10.Qe2 Bb7 11.O-O d6 12.f4 b4 13.Na4 a5 14.Qf2 Ba6 15.Re1 Bb5 16.Nb6 Rb8
17.Be3 Be7 18.Nd2 Nf8 19.Nbc4 Nd7 20.g4 Nce5 21.Nxe5 dxe5 22.Rac1 exf4 23.Bxf4 Ne5
24.Qg3 Bd6 25.Kh1 f6 26.c4 bxc3 27.Rxc3 Qf7 28.Nf3 O-O 29.Rd1 Bb4 30.Nxe5 fxe5
31.Bxe5 Bxc3 32.Bxc3 a4 33.Qe5 Be2 34.Rd4 Bf3 35.Qg3 Bxg2+ 36.Qxg2 Rbd8 37.Kg1 Qa7  0-1

[Event "Vasylyshyn Mem"]
[Site "Lviv UKR"]
[Date "2006.10.07"]
[Round "1"]
[White "Firman,N"]
[Black "Popov,Iv RUS"]
[Result "1/2-1/2"]
[WhiteElo "2495"]
[BlackElo "2516"]

1.e4 c5 2.Nf3 e6 3.d4 cxd4 4.Nxd4 Nc6 5.Nc3 Qc7 6.Be3 a6 7.Qd2 Nf6 8.O-O-O Bb4
9.f3 Ne5 10.Nb3 b5 11.Qe1 Rb8 12.Bd4 Be7 13.Qg3 d6 14.Qxg7 Rg8 15.Qh6 b4
16.Ne2 Nxe4 17.Qxh7 Nf6 18.Qh6 a5 19.Kb1 a4 20.Nbc1 Rg6 21.Qh4 Nc6 22.Nf4 Nxd4
23.Rxd4 Rg8 24.Qe1 Qb6 25.Rd1 Qa5 26.Bc4 Qc7 27.Qe2 d5 28.Bb5+ Rxb5 29.Qxb5+ Bd7
30.Nxe6 fxe6 31.Qe2 a3 32.Nd3 axb2 33.g4 Rxg4 34.Rhg1 Rc4 35.Ne5 Re4 36.fxe4 Qxe5
37.Rdf1 Bc5 38.Rxf6 Bxg1 39.Rf1 Bd4 40.Qf3 Bc5 41.exd5 Qxd5 42.Qf6 Qd4 43.Qg5 Ba4
44.Qh5+ Ke7 45.Qf3 Qd5 46.Qf8+ Kd7 47.Rf7+ Kc6 48.Qe8+ Kb6 49.Qxa4 Qh1+ 50.Kxb2 Bd4+
51.Kb3 Qd5+ 52.c4 bxc3 53.Kb4 Bc5+ 54.Kxc3 Qe5+ 55.Kd2 Qxh2+ 56.Ke1 Qg3+
57.Ke2 Qe3+ 58.Kd1 Qg1+ 59.Ke2 Qe3+ 60.Kd1 Qd3+  1/2-1/2

[Event "56th TCh-BUL"]
[Site "Sunny Beach BUL"]
[Date "2006.10.07"]
[Round "3"]
[White "Stoinev,M"]
[Black "Ivanov,Bog"]
[Result "1-0"]
[WhiteElo "2290"]
[BlackElo "2193"]

1.e4 c5 2.Nf3 Nc6 3.Nc3 e6 4.d4 cxd4 5.Nxd4 a6 6.Be3 Qc7 7.Qd2 Nf6 8.f3 b5
9.O-O-O Bb4 10.Nb3 Na5 11.Nxa5 Bxa5 12.Bf4 Qc6 13.Bd6 h6 14.Qd4 Bb7 15.e5 Nd5
16.Nxd5 Qxd5 17.c4 Qxd4 18.Rxd4 Rc8 19.Kb1 Bb6 20.Rg4 Be3 21.Bd3 h5 22.Rxg7 bxc4
23.Bc2 Bh6 24.Rg3 Bf4 25.Rh3 f5 26.Rf1 Kf7 27.g4 hxg4 28.Rxh8 Rxh8 29.fxg4 Rxh2
30.gxf5 Rh1 31.Rxh1 Bxh1 32.f6 Bh6 33.Bh7 Bf8 34.Bxf8 Kxf8 35.Bg6 Bc6 36.Kc2 Bf3
37.Kc3 Bd5 38.a3 Kg8 39.Kd4 Kf8 40.Kc5 Kg8 41.Kb6 c3 42.bxc3 Bc4 43.Kc7 Bb5
44.Be8  1-0

[Event "WJun"]
[Site "Yerevan ARM"]
[Date "2006.10.07"]
[Round "5"]
[White "Matsenko,S"]
[Black "Geller,J"]
[Result "1/2-1/2"]
[WhiteElo "2363"]
[BlackElo "2501"]

1.e4 c5 2.Nf3 e6 3.d4 cxd4 4.Nxd4 Nc6 5.Nc3 Qc7 6.Be2 a6 7.O-O Nf6 8.Be3 Bb4
9.Na4 Be7 10.Nxc6 bxc6 11.Nb6 Rb8 12.Nxc8 Qxc8 13.Bd4 c5 14.Be5 Rb6 15.Qd3 d6
16.Bc3 O-O 17.b3  1/2-1/2

[Event "WJun"]
[Site "Yerevan ARM"]
[Date "2006.10.07"]
[Round "5"]
[White "Kryvoruchko,Y"]
[Black "Vitiugov,N"]
[Result "1/2-1/2"]
[WhiteElo "2581"]
[BlackElo "2596"]

1.e4 c5 2.Nf3 e6 3.d4 cxd4 4.Nxd4 Nc6 5.Nc3 Qc7 6.Be3 Nf6 7.Qd2 Bb4 8.f3 Nxd4
9.Qxd4 Bxc3+ 10.bxc3 O-O 11.c4 b6 12.O-O-O e5 13.Qd3 Ba6 14.Bg5 Rfc8 15.Bxf6 gxf6
16.Qxd7 Bxc4 17.Qxc7 Rxc7 18.Kb2 Be6 19.Bb5 Rac8  1/2-1/2